| 000 | 00456nam a2200121Ia 4500 | ||
|---|---|---|---|
| 008 | 220620s9999||||xx |||||||||||||| ||und|| | ||
| 100 | _aDejan Komatina | ||
| 245 | 0 | _aAchievements and Challenges of Integrated River Basin Management | |
| 546 | _aEnglish[eng] | ||
| 650 | _aLife Sciences||Limnology||Ecology||Environmental Sciences | ||
| 856 | _uhttps://www.intechopen.com/books/achievements-and-challenges-of-integrated-river-basin-management | ||
| 942 | _cEB | ||
| 999 |
_c34720 _d34720 |
||